| 000 | | | 04469ckm0a2200301#x 450 |
| 001 | | | 017dbc6f-3436-4e95-ad40-873e35cc6a23 |
| 005 | | | 20251205140916.0 |
| 100 | ## | $a | 20251203j194505##k###0rusy50 ca |
| 102 | ## | $a | DE |
| 116 | ## | $a | fiybxx####zz####zz |
| 122 | 0# | $a | d194505#### |
| 200 | 1# | $a | Немецкий солдат у здания рейхстага, взятого штурмом советскими войсками |
| | $j | [Начало мая 1945 г.] |
| 251 | ## | $c | Документ |
| 300 | ## | $a | Фотография |
| 300 | ## | $a | Фотограф М. С. Редькин |
| 461 | #0 | $1 | 2001 |
| | $a | Ф. 71 |
| | $1 | 251 |
| | $c | Фонд |
| | $1 | 852 |
| | $j | 71 |
| 462 | #0 | $1 | 2001 |
| | $a | Оп. 56 |
| | $1 | 251 |
| | $c | Опись |
| | $1 | 852 |
| | $j | 56 |
| 605 | ## | $2 | prlib_sh |
| | $3 | LIBNET\UAF\0000088514 |
| | $a | Вторая мировая война в архивных документах (Комплекс оцифрованных архивных документов, кино- и фотоматериалов) |
| | $l | коллекция |
| 605 | ## | $2 | acquisition_Prlib |
| | $3 | DITM\AF\0000000338 |
| | $a | Память о Великой Победе |
| | $l | коллекция |
| 606 | 1# | $2 | nlr_sh |
| | $3 | RU\NLR\AUTH\66133598 |
| | $a | Берлинская операция |
| | $z | 1945 |
| | $j | Фотографии |
| 607 | ## | $2 | prlib_sh |
| | $3 | DITM\AF\0000000301 |
| | $a | Рейхстага, здание |
| | $y | Берлин, город (Германия) |
| | $z | 1945, май |
| | $j | Фотографии |
| 608 | ## | $2 | prlib_sh |
| | $3 | LIBNET\UAF\0000115139 |
| | $a | Документальные фотографии |
| | $z | 1945 |
| 686 | ## | $a | 63.3(2)622,13я611 |
| | $v | LBC/M |
| | $2 | rubbk |
| 801 | #0 | $a | RU |
| | $b | ПБ им. Б.Н. Ельцина |
| | $c | 20251203 |
| 801 | #1 | $a | RU |
| | $b | ПБ им. Б.Н. Ельцина |
| | $c | 20251203 |
| | $2 | rusmarc |
| 801 | #2 | $a | RU |
| | $b | ПБ им. Б.Н. Ельцина |
| | $c | 20251205 |
| | $2 | rusmarc |
| 850 | ## | $a | Российский государственный архив социально-политической истории |
| 852 | ## | $a | РГАСПИ |
| | $j | Д. 1942 |
| 035 | ## | $a | LIBNET\0001516791 |
| 937 | ## | $d | 198505993 |
| | $h | Федеральное архивное агентство |
| 856 | 4# | $u | http://readingroom.main.prlib.ru/item.aspx?id_node=n198505993&mode=full |